000
00307nam a2200121Ia 4500
008
191201s2019 xx 000 0 und d
100
_a
ROGERS,Gordon
245
0
_a
Engineering Thermodynamics Work and Heat Transfer
260
_a
N. Delhi
_b
Pearson
300
_a
711
650
_a
B.Tech(ME)
942
_2
ddc
_c
BK
999
_c
6237
_d
6237